书目信息 |
| 题名: |
中国传统音乐治疗理论与方法体系研究
|
|
| 作者: | 张勇 著 | |
| 分册: | ||
| 出版信息: | 北京 人民出版社 2019 |
|
| 页数: | 250页 | |
| 开本: | 24cm | |
| 丛书名: | ||
| 单 册: | ||
| 中图分类: | R454.3 | |
| 科图分类: | ||
| 主题词: | 音乐疗法--Yin Yue Liao Fa--研究 | |
| 电子资源: | ||
| ISBN: | 978-7-01-020614-1 | |
| 000 | 00967cam0 2200265 450 | |
| 001 | 012001001373 | |
| 005 | 20140108082744.0 | |
| 010 | @a978-7-01-020614-1@dCNY66.00 | |
| 099 | @aCAL 012019101345 | |
| 100 | @a20190828d2019 ekmy0chiy50 ea | |
| 101 | 0 | @achi |
| 102 | @aCN@b110000 | |
| 105 | @aak a 001yy | |
| 106 | @ar | |
| 200 | 1 | @a中国传统音乐治疗理论与方法体系研究@Azhong guo chuan tong yin yue zhi liao li lun yu fang fa ti xi yan jiu@d= The theory and method system of traditional Chinese music therapy@f张勇著@zeng |
| 210 | @a北京@c人民出版社@d2019 | |
| 215 | @a250页@c图@d24cm | |
| 300 | @a教育部人文社会科学研究规划基金项目资助 (17YJAZH122) | |
| 320 | @a有书目 (第239-243页) 和索引 | |
| 510 | 1 | @aTheory and method system of traditional Chinese music therapy@zeng |
| 606 | 0 | @a音乐疗法@AYin Yue Liao Fa@x研究 |
| 690 | @aR454.3@v5 | |
| 701 | 0 | @a张勇@Azhang yong@4著 |
| 801 | 0 | @aCN@b北京卓展@c20191020 |
| 905 | @b1201813-6@dR454.3@e129@f4 | |
| 中国传统音乐治疗理论与方法体系研究= The theory and method system of traditional Chinese music therapy/张勇著.-北京:人民出版社,2019 |
| 250页:图;24cm |
| 教育部人文社会科学研究规划基金项目资助 (17YJAZH122) |
| ISBN 978-7-01-020614-1:CNY66.00 |
| ● |
| 相关链接 |
|
|
|
|
正题名:中国传统音乐治疗理论与方法体系研究
索取号:R454.3/129
 
预约/预借
| 序号 | 登录号 | 条形码 | 馆藏地/架位号 | 状态 | 备注 |
| 1 | 1201813 | 212018136 | 第二样本阅览室/ [索取号:R454.3/129] | 在馆 | |
| 2 | 1201814 | 212018145 | 第三借阅区/ [索取号:R454.3/129] | 在馆 | |
| 3 | 1201815 | 212018154 | 第三借阅区/ [索取号:R454.3/129] | 在馆 | |
| 4 | 1201816 | 212018163 | 第三借阅区/ [索取号:R454.3/129] | 在馆 |